00561nam a2200169Ia 4500082002000000100002100020245009700041260003400138300001300172504003900185650002600224650003000250650002000280650003200300650003100332650002800363 a398.09541 CHO-F aChoudhury, Sujit 0aFolklore and history: a study of the Hindu folkcults of the Barak Valley of Norttheast India aNew DelhibK.K. Publishersc0 axvi, 143 aincludes appendix and bibliography aFolk festivalszAssam aSavitri (Hindu mythology) aFolklorezAssam aFolklore and historyvAssam aManners and customszAssam aMythology, HinduzAssam